000 00310nam a2200133Ia 4500
005 20251222141852.0
008 251222s9999||||xx |||||||||||||| ||spa||
082 _a869.569/A61
100 _aÁngeles Caballero, César
245 0 _aCésar Vallejo:
250 _a2a.ed.
264 _bSan Marcos
942 _cLIB
999 _c7767
_d7767